000 00574nam a22001937a 4500
005 20250717141144.0
010 _aENG-146030
020 _a9788190317881
_c495.00
035 _aEN-129562
037 _bDBAD
082 _a368.3200681
100 _aChoudhary, J. K.
_983054
245 _aBuild Your Career in Insurance Industry/
_cJ. K. Choudhary
250 _a1
260 _aPanchkula
_bHoliday Book Store
_c2012
270 _aS.C.O. 43, First Floor, Swastik Vihar MDC
_bPanchkula
300 _a220p.
_c22cm(Hb)
942 _2ddc
_cEN
_h368.3200681
_mCHO
999 _c212409
_d212409